Being spiritually minded. (Record no. 2295)

000 -LEADER
fixed length control field 00565nam a2200193 a 4500
001 - CONTROL NUMBER
control field :::00000018$&:&@@
003 - CONTROL NUMBER IDENTIFIER
control field OkBaRHE
005 - DATE AND TIME OF LATEST TRANSACTION
control field 20091111144306.0
008 - FIXED-LENGTH DATA ELEMENTS--GENERAL INFORMATION
fixed length control field s1989 j 000 0 eng u
040 ## - CATALOGING SOURCE
Transcribing agency
100 1# - MAIN ENTRY--PERSONAL NAME
Personal name Treat, Casey.
245 10 - TITLE STATEMENT
Title Being spiritually minded.
260 ## - PUBLICATION, DISTRIBUTION, ETC. (IMPRINT)
Place of publication, distribution, etc Tulsa, OK., :
Name of publisher, distributor, etc Harrison House
Date of publication, distribution, etc c1989
300 ## - PHYSICAL DESCRIPTION
Extent 118 p. ;
Dimensions 21 cm.
650 ## - SUBJECT ADDED ENTRY--TOPICAL TERM
Topical term or geographic name as entry element Christian life
650 ## - SUBJECT ADDED ENTRY--TOPICAL TERM
Topical term or geographic name as entry element Spiritual life
General subdivision Christianity.
942 ## - ADDED ENTRY ELEMENTS (KOHA)
Source of classification or shelving scheme
Koha item type Books
Copies
Damaged status Permanent Location Full call number Date acquired Lost status Withdrawn status Koha item type Shelving location Source of classification or shelving scheme Price effective from Copy number Date last seen Not for loan Barcode
 RHEMA Bible Training CollegeBV 4501.2 .T72010-04-14  BooksGeneral Stacks 2010-04-1412010-04-14 18